El milagro metabólico: (Registro nro. 15785)

000 -CABECERA
campo de control de longitud fija 01087nam a22002297a 4500
003 - IDENTIFICADOR DEL NÚMERO DE CONTROL
campo de control OSt
005 - FECHA Y HORA DE LA ÚLTIMA TRANSACCIÓN
campo de control 20250128152404.0
008 - DATOS DE LONGITUD FIJA--INFORMACIÓN GENERAL
campo de control de longitud fija 250128b ||||| |||| 00| 0 spa d
020 ## - NÚMERO INTERNACIONAL ESTÁNDAR DEL LIBRO
Número Internacional Estándar del Libro 9789584276971
040 ## - FUENTE DE LA CATALOGACIÓN
Centro/agencia transcriptor CO-Mq BPB
041 ## - CÓDIGO DE LENGUA
Código de lengua del texto/banda sonora o título independiente spa
082 ## - NÚMERO DE LA CLASIFICACIÓN DECIMAL DEWEY
Número de clasificación 616.4
Número de documento/Ítem J17m
100 ## - ENTRADA PRINCIPAL--NOMBRE DE PERSONA
Nombre de persona Jaramillo, Carlos
Término indicativo de función/relación autor
245 ## - MENCIÓN DE TÍTULO
Título El milagro metabólico:
Resto del título aliméntese bien, controle su peso y convierta su cuerpo en su mejor aliado
264 ## - PRODUCCIÓN, PUBLICACIÓN, DISTRIBUCIÓN, FABRICACIÓN Y COPYRIGHT
Producción, publicación, distribución, fabricación y copyright Bogotá:
Nombre del de productor, editor, distribuidor, fabricante Editorial Planeta;
Fecha de producción, publicación, distribución, fabricación o copyright 2019
300 ## - DESCRIPCIÓN FÍSICA
Extensión 356 páginas:
Otras características físicas Tapa rustica
Dimensiones 23 cm
521 ## - NOTA DE PÚBLICO DESTINATARIO
Nota de público destinatario A todos nos gusta comer. Pero lo hacemos mal y cada día peor. Engañados por la industria alimentaria, la publicidad, las fake news gastronómicas y los consejos nutricionales de la tía Bertha, con cada bocado tomamos decisiones nefastas que nos enferman, nos engordan y nos roban energía. ¿Cómo detener esta espiral? ¿A quién creerle y a quién no? ¿Cómo cambiar de hábitos sin volvernos rígidos y aburridos?
650 ## - PUNTO DE ACCESO ADICIONAL DE MATERIA--TÉRMINO DE MATERIA
Término de materia o nombre geográfico como elemento de entrada Mitos metabólicos
650 ## - PUNTO DE ACCESO ADICIONAL DE MATERIA--TÉRMINO DE MATERIA
Término de materia o nombre geográfico como elemento de entrada Actividad física
650 ## - PUNTO DE ACCESO ADICIONAL DE MATERIA--TÉRMINO DE MATERIA
Término de materia o nombre geográfico como elemento de entrada Medicina del futuro
942 ## - ELEMENTOS DE PUNTO DE ACCESO ADICIONAL (KOHA)
Fuente del sistema de clasificación o colocación
Tipo de ítem Koha Libro
Existencias
Estado de retiro Estado de pérdida Fuente del sistema de clasificación o colocación Estado dañado No para préstamo Código de colección Localización permanente Ubicación/localización actual Ubicación en estantería Fecha de adquisición Fuente de adquisición Número de inventario Total de préstamos Renovaciones totales Signatura topográfica completa Código de barras En préstamo Fecha visto por última vez Fecha del último préstamo Número de copia Precio válido a partir de Tipo de ítem Koha Nota pública
          Colección General Biblioteca Pública San Juan Bosco Biblioteca Pública San Juan Bosco Colección General 28/01/2025 Compra 2024 NT 3 2 616.4 J17m MOS504052 24/01/2026 16/01/2026 16/01/2026 Ej.1 28/01/2025 Libro Ocho dias
          Colección General Biblioteca Pública San Juan Bosco Biblioteca Pública San Juan Bosco Colección General 28/01/2025 Compra 2024 NT 3 2 616.4 J17m MOS504053   17/04/2026 14/04/2026 Ej.2 28/01/2025 Libro Ocho dias

© Todos los derechos reservados para la Biblioteca Pública Municipal San Juan Bosco, 2020
Secretaria de Cultura de Mosquera
Carrera 3 N° 10 Esquina Centro Cultural Barrio El Carmén Teléfono: 8270830 Ext: 34
Funcionando con KOHA
Contacto: Biblioteca Pública Municipal San Juan Bosco/ bibliotecasanjuanbosco@mosquera-cundinamarca.gov.co
Mosquera, Cundinamarca